[Event "Satu Mare Ariston"]
[Site "Satu Mare"]
[Date "2011.03.03"]
[Round "9"]
[White "Posedaru, Bogdan Stefan"]
[Black "Bumba, Dorel"]
[Result "1/2-1/2"]
[WhiteElo "2322"]
[BlackElo "2160"]
[PlyCount "40"]
[EventDate "2011.02.24"]
[EventType "tourn"]
[EventRounds "9"]
[EventCountry "ROU"]
[SourceTitle "CBM 141 Extra"]
[Source "ChessBase"]
[SourceDate "2011.05.03"]
[SourceVersion "1"]
[SourceVersionDate "2011.05.03"]
[SourceQuality "1"]

1. d4 d5 2. c4 e6 3. Nc3 c6 4. Nf3 f5 5. Qc2 Nf6 6. e3 Be7 7. Bd3 0-0 8. cxd5 cxd5 9. Ne5 Nbd7 10. Nxd7 Bxd7 11. 0-0 Ne4 12. f3 Nxc3 13. Qxc3 Qb6 14. Bd2 f4 15. Qc2 h6 16. g3 Rac8 17. Qb3 Qxb3 18. axb3 fxg3 19. hxg3 a6 20. Rac1 Bd6 1/2-1/2

[Event "Satu Mare Ariston"]
[Site "Satu Mare"]
[Date "2011.02.27"]
[Round "5"]
[White "Bumba, Dorel"]
[Black "Luca, Ionel"]
[Result "0-1"]
[WhiteElo "2160"]
[BlackElo "2160"]
[PlyCount "84"]
[EventDate "2011.02.24"]
[EventType "tourn"]
[EventRounds "9"]
[EventCountry "ROU"]
[SourceTitle "CBM 141 Extra"]
[Source "ChessBase"]
[SourceDate "2011.05.03"]
[SourceVersion "1"]
[SourceVersionDate "2011.05.03"]
[SourceQuality "1"]

1. e4 d6 2. d4 Nf6 3. Nc3 c6 4. Be3 Ng4 5. Bc1 e5 6. d5 Qb6 7. Qf3 Nf6 8. Bc4 Bg4 9. Qd3 Nbd7 10. Be3 Nc5 11. Bxc5 Qxc5 12. f3 Bh5 13. h4 Bg6 14. a4 Rc8 15. g4 Nxd5 16. Bxd5 cxd5 17. Nxd5 f6 18. 0-0-0 Bf7 19. Ne2 Bxd5 20. exd5 Qc4 21. Qxc4 Rxc4 22. b3 Rc7 23. c4 Be7 24. h5 f5 25. Ng3 fxg4 26. fxg4 Bg5+ 27. Kc2 Bf4 28. Ne4 Ke7 29. Kd3 Rhc8 30. c5 Rxc5 31. Nxc5 Rxc5 32. Ke4 Kf6 33. Rhg1 Kg5 34. Rg2 Rc3 35. Rd3 Rc1 36. Rh3 Rd1 37. Rc3 Rd4+ 38. Kf3 Rxd5 39. Rcc2 Rd3+ 40. Ke4 Rxb3 41. Rc7 Kf6 42. Rd7 Ke6 0-1

[Event "Satu Mare Ariston"]
[Site "Satu Mare"]
[Date "2011.02.25"]
[Round "2"]
[White "Bonte, Andrei Mihai"]
[Black "Bumba, Dorel"]
[Result "1-0"]
[WhiteElo "2331"]
[BlackElo "2160"]
[PlyCount "49"]
[EventDate "2011.02.24"]
[EventType "tourn"]
[EventRounds "9"]
[EventCountry "ROU"]
[SourceTitle "CBM 141 Extra"]
[Source "ChessBase"]
[SourceDate "2011.05.03"]
[SourceVersion "1"]
[SourceVersionDate "2011.05.03"]
[SourceQuality "1"]

1. d4 d5 2. c4 e6 3. Nc3 c6 4. e3 f5 5. f4 Nf6 6. Nf3 Be7 7. Bd3 0-0 8. 0-0 Ne4 9. Qc2 Nd7 10. Bd2 Ndf6 11. c5 Bd7 12. Ne5 Be8 13. b4 Kh8 14. a4 g5 15. fxg5 Nxg5 16. b5 Nfe4 17. bxc6 bxc6 18. Nxe4 Nxe4 19. Bxe4 dxe4 20. Rab1 Bf6 21. Nc4 Bh5 22. Rb7 Qd5 23. Be1 Rfb8 24. Rc7 Rb4 25. Bxb4 1-0

[Event "Satu Mare Ariston"]
[Site "Satu Mare"]
[Date "2011.02.24"]
[Round "1"]
[White "Bumba, Dorel"]
[Black "Hristodorescu, Daniel"]
[Result "1/2-1/2"]
[WhiteElo "2160"]
[BlackElo "2198"]
[PlyCount "40"]
[EventDate "2011.02.24"]
[EventType "tourn"]
[EventRounds "9"]
[EventCountry "ROU"]
[SourceTitle "CBM 141 Extra"]
[Source "ChessBase"]
[SourceDate "2011.05.03"]
[SourceVersion "1"]
[SourceVersionDate "2011.05.03"]
[SourceQuality "1"]

1. e4 c6 2. d4 d5 3. Nd2 g6 4. e5 a6 5. c4 dxc4 6. Bxc4 Qxd4 7. Ngf3 Qd8 8. Qb3 e6 9. a4 Nd7 10. Ne4 Nc5 11. Qe3 Nxe4 12. Qxe4 Qa5+ 13. Ke2 Ne7 14. Bd2 Qc7 15. Rac1 Nd5 16. Rhd1 Bg7 17. Bxd5 exd5 18. Qxd5 0-0 19. Bg5 Qb8 20. Qd6 Bg4 1/2-1/2